000
00292nam a22001217a 4500
008
180917b xxu||||| |||| 00| 0 eng d
041
_a
eng
080
_2
56 ed
_a
541
100
_a
12
101
_a
KIM
245
_a
HANdbook Of Chemistry And Physics
_c
Weast.R.C
942
_2
udc
_c
BK
999
_c
47859
_d
47859